000 00613nam a2200181Ia 4500
008 100921s9999 xx 000 0 und d
082 _b41032
_a891.463 न 06
100 _aओक सुनेत्रा.
245 _aघराबाहेर.
260 _bअक्षता प्रकाशन, पुणे.
_c2006
300 _a240
_bजयेश एजन्सी,पुणे.
365 _b225
520 _aललित-कादंबरी.
630 _aघराबाहेर.
650 _aललित-कादंबरी.
730 _aघराबाहेर.
942 _cBOOK
999 _c790145
_d790142